[Event "Gornozavodsk op"]
[Site "Gornozavodsk"]
[Date "2010.11.06"]
[Round "7"]
[White "Turov, Vladimir"]
[Black "Simukov, Oleg"]
[Result "1/2-1/2"]
[WhiteElo "2133"]
[BlackElo "2137"]
[PlyCount "30"]
[EventDate "2010.11.01"]
[EventType "swiss"]
[EventRounds "10"]
[EventCountry "RUS"]
[SourceTitle "EXT 2012"]
[Source "ChessBase"]
[SourceDate "2011.11.24"]
[SourceVersion "1"]
[SourceVersionDate "2011.11.24"]
[SourceQuality "1"]

1. d4 Nf6 2. Nf3 e6 3. g3 d5 4. Bg2 Be7 5. 0-0 0-0 6. c4 c6 7. b3 b6 8. Bb2 Bb7 9. Nbd2 Nbd7 10. Qc2 Qc8 11. Rad1 Re8 12. e4 dxe4 13. Nxe4 Qc7 14. Nc3 a6 15. Qb1 Bb4 1/2-1/2

[Event "Perm op 04"]
[Site "Perm"]
[Date "2010.04.28"]
[Round "7"]
[White "Ardovsky, Philip"]
[Black "Turov, Vladimir"]
[Result "1-0"]
[WhiteElo "2014"]
[BlackElo "2112"]
[PlyCount "91"]
[EventDate "2010.04.22"]
[EventType "swiss"]
[EventRounds "9"]
[EventCountry "RUS"]
[SourceTitle "EXT 2012"]
[Source "ChessBase"]
[SourceDate "2011.11.24"]
[SourceVersion "1"]
[SourceVersionDate "2011.11.24"]
[SourceQuality "1"]

1. e4 e6 2. d4 d5 3. Nd2 dxe4 4. Nxe4 Nd7 5. g3 Ngf6 6. Nxf6+ Nxf6 7. Bg2 Be7 8. Ne2 Rb8 9. 0-0 0-0 10. a4 a5 11. Nf4 Nd5 12. Nd3 c6 13. Bd2 Nb4 14. Nxb4 axb4 15. c3 Qa5 16. Qe2 c5 17. Rfc1 cxd4 18. cxd4 Qd8 19. Rc4 b3 20. Qd3 Bd7 21. Bf4 b5 22. Rcc1 Rc8 23. axb5 Rxc1+ 24. Rxc1 Qa5 25. Bc6 Bc8 26. Qxb3 e5 27. Bxe5 Bh3 28. Bd5 Qd2 29. Rd1 Qa5 30. b6 Bd7 31. b7 Ba4 32. b8Q Bxb3 33. Qxb3 Kh8 34. Bxf7 Qa6 35. Qe6 Qb7 36. Qb3 Qa7 37. Bd5 Qd7 38. Qb7 Qg4 39. Qxe7 Qxd1+ 40. Kg2 Rxf2+ 41. Kxf2 Qd2+ 42. Kf3 Qd3+ 43. Kf4 Qd2+ 44. Kf5 Qd3+ 45. Ke6 Qg6+ 46. Kd7 1-0

[Event "Moscow op-B"]
[Site "Moscow"]
[Date "2010.02.07"]
[Round "9.93"]
[White "Turov, Vladimir"]
[Black "Gureev, Dmitry"]
[Result "0-1"]
[WhiteElo "2133"]
[BlackElo "1924"]
[PlyCount "136"]
[EventDate "2010.01.30"]
[EventType "swiss"]
[EventRounds "9"]
[EventCountry "RUS"]
[SourceTitle "EXT 2023"]
[Source "ChessBase"]
[SourceDate "2022.10.05"]
[SourceVersion "1"]
[SourceVersionDate "2022.10.05"]
[SourceQuality "1"]

1. d4 f5 2. g3 Nf6 3. Bg2 g6 4. Nh3 Bg7 5. 0-0 0-0 6. c4 d6 7. d5 Na6 8. a3 Nc5 9. b4 Ng4 10. Ra2 Nd7 11. Nf4 Nde5 12. Qb3 Qe8 13. Nc3 Bd7 14. e4 g5 15. Ne6 Bxe6 16. dxe6 f4 17. f3 Nxh2 18. gxf4 Nxf1 19. Kxf1 Nd3 20. Ne2 Nxc1 21. Nxc1 gxf4 22. Ne2 Qh5 23. Qd3 c6 24. Ng1 Qe5 25. Bh3 Qd4 26. Qxd4 Bxd4 27. Rg2+ Kh8 28. Ne2 Be3 29. Bf5 Rf6 30. Rh2 h6 31. Rh4 Raf8 32. a4 d5 33. cxd5 cxd5 34. Nc3 Rxf5 35. exf5 Rxf5 36. Rxh6+ Kg7 37. Rh2 Kf6 38. Rh6+ Ke5 39. Ke2 Rg5 40. Kd3 Rg2 41. Ne2 d4 42. a5 a6 43. b5 Rg5 44. bxa6 bxa6 45. Rh8 Kd6 46. Ke4 Re5+ 47. Kd3 Rxa5 48. Rf8 Ke5 49. Rb8 Kxe6 50. Ke4 Re5+ 51. Kd3 Ra5 52. Ke4 Re5+ 53. Kd3 Kd6 54. Ra8 a5 55. Ra6+ Kc7 56. Kc4 Kb7 57. Rh6 a4 58. Nxd4 Bxd4 59. Kxd4 Re3 60. Rh4 e5+ 61. Kd5 a3 62. Rh7+ Kb6 63. Rh8 a2 64. Ra8 Re2 65. Ra3 Kb5 66. Rb3+ Ka4 67. Rb8 Ka3 68. Re8 Kb2 0-1

[Event "Gornozavodsk Europe-Asia op"]
[Site "Gornozavodsk"]
[Date "2009.11.12"]
[Round "?"]
[White "Turov, Vladimir"]
[Black "Smirnov, Alexey1"]
[Result "1-0"]
[WhiteElo "2113"]
[BlackElo "2422"]
[PlyCount "96"]
[EventDate "2009.11.07"]
[EventType "swiss"]
[EventRounds "11"]
[EventCountry "RUS"]
[SourceTitle "EXT 2012"]
[Source "ChessBase"]
[SourceDate "2011.11.24"]
[SourceVersion "1"]
[SourceVersionDate "2011.11.24"]
[SourceQuality "1"]

1. d4 b6 2. Nf3 Bb7 3. Bf4 f5 4. e3 Nf6 5. h3 e6 6. Be2 Be7 7. 0-0 0-0 8. c4 c5 9. Nc3 Ne4 10. Nb5 d6 11. dxc5 bxc5 12. Nd2 e5 13. Bh2 Nf6 14. Bf3 e4 15. Be2 Nc6 16. Nb3 Ne5 17. Qd2 a6 18. Nc3 Qb6 19. Na4 Qc7 20. Rfd1 Rad8 21. Qa5 Qc8 22. Bxe5 dxe5 23. Rxd8 Rxd8 24. Naxc5 Ba8 25. Nxa6 f4 26. Bf1 Qf5 27. Nc7 Bb7 28. Nd4 Qg6 29. Qxe5 fxe3 30. fxe3 Bd6 31. Qe6+ Kh8 32. Ncb5 Bb8 33. Ne2 Bc8 34. Qb6 Bh2+ 35. Kh1 Rf8 36. Qc5 Nd7 37. Qe7 Bb8 38. Rd1 h5 39. Kg1 Re8 40. Qh4 Ne5 41. Kh1 Nd3 42. Nf4 Nxf4 43. exf4 e3 44. Be2 Bb7 45. Qxh5+ Qxh5 46. Bxh5 Rf8 47. Nd6 Bxd6 48. Rxd6 Rxf4 1-0

[Event "Gornozavodsk Europe-Asia op"]
[Site "Gornozavodsk"]
[Date "2009.11.07"]
[Round "?"]
[White "Filipenko, Alexander V"]
[Black "Turov, Vladimir"]
[Result "1-0"]
[WhiteElo "2362"]
[BlackElo "2113"]
[PlyCount "133"]
[EventDate "2009.11.07"]
[EventType "swiss"]
[EventRounds "11"]
[EventCountry "RUS"]
[SourceTitle "EXT 2012"]
[Source "ChessBase"]
[SourceDate "2011.11.24"]
[SourceVersion "1"]
[SourceVersionDate "2011.11.24"]
[SourceQuality "1"]

1. e4 d5 2. exd5 Qxd5 3. Nf3 Nf6 4. Be2 c6 5. 0-0 Bg4 6. d4 e6 7. c4 Qd8 8. Nc3 Be7 9. Be3 0-0 10. h3 Bh5 11. Ne5 Bxe2 12. Qxe2 Nbd7 13. Rfd1 Re8 14. f4 Nf8 15. a3 Qc7 16. Qf3 Ng6 17. Bf2 Rad8 18. b4 a6 19. Rab1 Nd7 20. g3 Nb6 21. Qe2 Nxe5 22. fxe5 Nd7 23. Re1 b5 24. Rbc1 bxc4 25. Qxc4 Qb7 26. Ne4 Rc8 27. Rc2 h5 28. Rec1 h4 29. gxh4 Nb6 30. Qe2 Nd5 31. Kh2 f5 32. exf6 Nxf6 33. Rg1 Nxe4 34. Qxe4 Bf6 35. Bg3 Qd7 36. Be5 Bxe5+ 37. Qxe5 Re7 38. Rg6 Qc7 39. Qxc7 Rcxc7 40. Rg5 Red7 41. Rc4 Kf7 42. Ra5 Ra7 43. Rxc6 Rxd4 44. Rcxa6 Rxa6 45. Rxa6 Kf6 46. b5 Kf5 47. Ra7 Rd2+ 48. Kg3 Rd3+ 49. Kg2 Rd2+ 50. Kf3 Rd3+ 51. Ke2 Rxh3 52. b6 Rb3 53. b7 e5 54. a4 Ke4 55. a5 Rb2+ 56. Kd1 Kd3 57. Kc1 Rb5 58. a6 Rc5+ 59. Kb2 Rb5+ 60. Ka3 Kc3 61. Ka4 Rb4+ 62. Ka5 Kc4 63. Ra8 Rb5+ 64. Ka4 Rb4+ 65. Ka5 Rb5+ 66. Ka4 Rb4+ 67. Ka3 1-0

[Event "RUS-ch Seniors"]
[Site "Lesnoj Gorodok"]
[Date "2009.10.09"]
[Round "7"]
[White "Turov, Vladimir"]
[Black "Turikov, Viktor"]
[Result "0-1"]
[WhiteElo "2120"]
[BlackElo "2321"]
[PlyCount "72"]
[EventDate "2009.10.03"]
[EventType "swiss"]
[EventRounds "9"]
[EventCountry "RUS"]
[SourceTitle "CBM 132 Extra"]
[Source "ChessBase"]
[SourceDate "2009.11.03"]
[SourceVersion "1"]
[SourceVersionDate "2009.11.03"]
[SourceQuality "1"]

1. d4 e6 2. Nf3 Nf6 3. g3 b6 4. Bg2 Bb7 5. 0-0 c5 6. c3 Be7 7. Bg5 h6 8. Bxf6 Bxf6 9. e3 0-0 10. Nbd2 d5 11. Re1 Nc6 12. a4 Qc7 13. Qb1 a5 14. Qa2 Rfd8 15. Rac1 Rab8 16. Nb1 Ba6 17. Bf1 Bxf1 18. Rxf1 e5 19. dxe5 Nxe5 20. Nxe5 Qxe5 21. Rfe1 h5 22. b3 h4 23. Qe2 Qf5 24. e4 dxe4 25. Qxe4 Qd7 26. g4 b5 27. h3 b4 28. Red1 Qxd1+ 29. Rxd1 Rxd1+ 30. Kg2 Rbd8 31. cxb4 cxb4 32. f4 R1d4 33. Qf5 R4d5 34. Qc2 g5 35. Kf3 Rd3+ 36. Ke4 R8d4+ 0-1

[Event "RUS-ch Seniors"]
[Site "Lesnoj Gorodok"]
[Date "2009.10.07"]
[Round "5"]
[White "Turov, Vladimir"]
[Black "Ostashevsky, Gennady"]
[Result "1-0"]
[WhiteElo "2120"]
[BlackElo "2190"]
[PlyCount "109"]
[EventDate "2009.10.03"]
[EventType "swiss"]
[EventRounds "9"]
[EventCountry "RUS"]
[SourceTitle "CBM 132 Extra"]
[Source "ChessBase"]
[SourceDate "2009.11.03"]
[SourceVersion "1"]
[SourceVersionDate "2009.11.03"]
[SourceQuality "1"]

1. d4 Nf6 2. Nf3 g6 3. Bf4 Bg7 4. h3 0-0 5. e3 d6 6. Be2 Nbd7 7. 0-0 Re8 8. c3 b6 9. Nbd2 Bb7 10. a4 a5 11. Bb5 h6 12. Bh2 e6 13. Re1 Qe7 14. e4 Red8 15. Qc2 e5 16. Rad1 Nh7 17. Bg3 Nhf8 18. Bh4 g5 19. Bg3 Ng6 20. Bxd7 Rxd7 21. Nc4 Re8 22. d5 Bc8 23. b4 axb4 24. cxb4 h5 25. a5 bxa5 26. bxa5 h4 27. Bh2 Rdd8 28. Ne3 Nf4 29. Kh1 Qf6 30. Ng1 Qg6 31. f3 Rf8 32. Qxc7 f5 33. exf5 Bxf5 34. Bxf4 gxf4 35. Ng4 e4 36. Qe7 exf3 37. gxf3 Rfe8 38. Qxh4 Rxe1 39. Rxe1 Re8 40. Rxe8+ Qxe8 41. Nf6+ Bxf6 42. Qxf6 Qh5 43. Kg2 Bd3 44. Qe6+ Kh7 45. Qd7+ Kh8 46. Qc8+ Kh7 47. Qc7+ Kg8 48. Qd8+ Kh7 49. Qd7+ Kh8 50. Qd8+ Kh7 51. Qe7+ Kg8 52. h4 Qxd5 53. Qg5+ Qxg5+ 54. hxg5 Kf7 55. Nh3 1-0

[Event "RUS-ch Seniors"]
[Site "Odintsovo"]
[Date "2008.10.08"]
[Round "6"]
[White "Turov, Vladimir"]
[Black "Sokolov, Yury"]
[Result "0-1"]
[WhiteElo "2131"]
[BlackElo "1957"]
[PlyCount "120"]
[EventDate "2008.10.02"]
[EventType "swiss"]
[EventRounds "9"]
[EventCountry "RUS"]
[SourceTitle "CBM 127 Extra"]
[Source "ChessBase"]
[SourceDate "2009.01.08"]
[SourceVersion "2"]
[SourceVersionDate "2009.01.28"]
[SourceQuality "1"]

1. d4 f5 2. g3 Nf6 3. Bg2 e6 4. Nh3 d5 5. 0-0 b6 6. c4 Bb7 7. Qc2 Nbd7 8. Nf4 Qe7 9. a3 Rc8 10. cxd5 exd5 11. Qxf5 g6 12. Qd3 Bg7 13. Nc3 c6 14. Bh3 0-0 15. Ne6 Rfe8 16. Nxg7 Qxg7 17. Bf4 Ra8 18. Rac1 a5 19. Rfe1 g5 20. Be3 a4 21. Qf5 h6 22. Bd2 Nf8 23. Qc2 b5 24. Bf5 Ne6 25. e3 h5 26. Na2 g4 27. Bxe6+ Rxe6 28. Nc3 Rae8 29. Ne2 Ne4 30. Nf4 Rh6 31. Ng2 Ng5 32. Re2 Rf8 33. Bb4 Rf7 34. Nf4 h4 35. Kg2 Nf3 36. Rh1 Bc8 37. e4 Nxd4 38. Bc3 h3+ 39. Kf1 Nxc2 40. Bxg7 Kxg7 41. Rxc2 dxe4 42. Ke2 Rd6 43. Rhc1 Bb7 44. Rc5 Kf8 45. Ke3 Re7 46. Rg5 Rg7 47. Rcc5 Rxg5 48. Rxg5 Bc8 49. Ng6+ Ke8 50. Ne5 Be6 51. Nxg4 Rd1 52. Nf6+ Ke7 53. Nxe4 Rb1 54. Rg7+ Kd8 55. Kd4 Rxb2 56. Ke5 Bd5 57. Kd6 Ke8 58. Re7+ Kf8 59. f4 Re2 60. Rh7 Rxe4 0-1